000 00666cam a2200205 a 4500
003 CO-ViMGA
005 20230915232205.0
008 041125s2003 sp a jr 00010 spa d
020 _a8426133282
040 _aCO-ViMGA
_bspa
_cCO-ViMGA
082 0 4 _aI372.7
_bG87n
_219 ed.
100 1 _aGutman, Anne.
_91129
245 1 4 _aLos números /
_cAnne Gutman, Georg Hallensleben ; traducción Christiane Reyes.
260 _aBarcelona :
_bEditorial Juventud,
_c2003.
300 _a[13] p. :
_bil. ;
_c14 cm.
650 6 _aNúmeros
_x Enseñanza primaria.
_91569
700 1 _aHallensleben, Georg.
_91131
700 1 _aReyes, Christiane,
_eed.
_91570
942 _2ddc
_cBK
999 _c33536
_d33536